3-Letter Overlap Movies Quiz Stats

 Plays Quiz Updated Jul 25, 2013

Challenge
Share
Tweet
Embed
Score 0/22 Timer 04:00
2 Plays Today
MOVIE (Last 3 Letters Cut Off) MOVIE (Begins with Cut-Off Letters) % Correct
How to Train Your DraGone with the Wind
89.3%
The UntouchabLes Misérables
89.3%
ScarfAce Ventura: Pet Detective
88.4%
The Maltese FalCon Air
69.7%
A Beautiful MIndependence Day
67.3%
Seven SamuRain Man
64.9%
The Fifth ElemEnter the Dragon
61.2%
Midnight in PaRisky Business
54.5%
The Virgin SuiciDesperado
50.9%
A Fistful of DollArsenic and Old Lace
40.6%
Saving Private RYankee Doodle Dandy
40.3%
MOVIE (Last 3 Letters Cut Off) MOVIE (Begins with Cut-Off Letters) % Correct
Here Comes Mr. JorDances with Wolves
39.8%
SpellboUnder Siege
39.1%
Life is BeautiFull Metal Jacket
37.9%
Shrek Forever AfTerms of Endearment
32.8%
The Truman SHow to Marry a Millionaire
26.7%
GoodfelLast Tango in Paris
24.4%
Memoirs of a GeiShane
23.5%
Battleship PotemKing Kong
19.5%
Annie HAll That Jazz
15.1%
GladiaTorn Curtain
7.1%
Barry LynDon't Look Now
4.9%

You're not logged in!

Compare scores with friends on all Sporcle quizzes.
Join for Free
OR
Log In

You Might Also Like...

Show Comments

Extras

Top Quizzes Today


Score Distribution

Your Account Isn't Verified!

In order to create a playlist on Sporcle, you need to verify the email address you used during registration. Go to your Sporcle Settings to finish the process.

Report this User

Report this user for behavior that violates our Community Guidelines.

Details: